The Annals of thoracic surgery (Record no. 16221)
[ view plain ]
| 000 -LEADER | |
|---|---|
| fixed length control field | 00317cas a2200133 4500 |
| 022 ## - INTERNATIONAL STANDARD SERIAL NUMBER | |
| ISSN | 0003-4975 |
| 040 ## - CATALOGING SOURCE | |
| Transcribing agency | MUL |
| 082 0# - DEWEY DECIMAL CLASSIFICATION NUMBER | |
| Classification number | 617 LIT 1998 A105 Or. |
| 245 04 - TITLE STATEMENT | |
| Title | The Annals of thoracic surgery |
| 260 ## - PUBLICATION, DISTRIBUTION, ETC. (IMPRINT) | |
| Place of publication | [Boston, etc. : |
| Name of publisher | Little, Brown & Co., etc] |
| 300 ## - PHYSICAL DESCRIPTION | |
| Other physical details | ill. ; |
| Dimensions | 26 cm |
| 650 #2 - SUBJECT ADDED ENTRY--TOPICAL TERM | |
| Topical Term | Thorax |
| 942 ## - ADDED ENTRY ELEMENTS (KOHA) | |
| Koha item type | សៀវភៅភាសាអង់គ្លេស |
| 952 ## - LOCATION AND ITEM INFORMATION (KOHA) | |
| Withdrawn status [LOCAL, KOHA] | 0 |
| Permanent Location | Date acquired | Koha item type | Lost status | Shelving location | Barcode | Current Location | Full call number |
|---|---|---|---|---|---|---|---|
| Library Block A | 2018-01-24 | សៀវភៅភាសាអង់គ្លេស | A105 | A23819 | Library Block A | 617 LIT 1998 A105 Or. |